000 00714nam a2200193 a 4500
005 20210219154650.0
008 031009s1961 mx r 000 0 spa d
035 _aUPN01000129846
049 _aCG
050 4 _aZ1467 H5
_bV3.2
100 1 _aValenzuela, Gilberto
245 1 0 _aBibliografía guatemalteca y catálogo general de libros, folletos, periódicos, revistas, etc. :
_b1821-1830 : tomo III /
_crecopilado por Gilberto Valenzuela.
260 _aGuatemala :
_b[s.n.],
_c1961.
300 _a319 p.
440 0 _aTalleres de la Tipografía Nacional
500 _a"III Centenario de la introducción de la imprenta en Centro América"
651 4 _aGUATEMALA -
_xHISTORIA -
_vBIBLIOGRAFIA
905 _aLibro
999 _c102003
_d102003